Geister Arten - Statistiken

Allgemein
  • Dieses Quiz wurde 35 mal gespielt
  • Das Durchschnittsergebnis liegt bei 5 aus 24
Antwortstatistiken
Wo zuerst "gesehen" Art % Korrekt
Deutschland 🇩🇪 Poltergeist
84%
Vereinigtes Königreich 🇬🇧 Gespenst
44%
Griechenland 🇬🇷 Dämon
40%
Saudi Arabien 🇸🇦 Dschinn
36%
Irland 🇮🇪 Banshee
28%
Irland 🇮🇪 Mare
24%
Japan 🇯🇵 Oni
24%
Japan 🇯🇵 Yokai
24%
Japan 🇯🇵 Yurei
24%
USA 🇺🇸 Spirit
20%
Iran 🇮🇷 Die Zwillinge
16%
Indien 🇮🇳 Hantu
16%
USA 🇺🇸 Mimik
16%
Griechenland 🇬🇷 Myling
16%
Japan 🇯🇵 Obake
16%
Vereinigtes Königreich 🇬🇧 Phantom
16%
Kanada 🇨🇦 Revenant
16%
Niederlande 🇳🇱 Shade
16%
Japan 🇯🇵 Goryo
12%
Japan 🇯🇵 Onryo
12%
Japan 🇯🇵 Raiju
12%
Deutschland 🇩🇪 Deogen
8%
Japan 🇯🇵 Moroi
8%
Indien 🇮🇳 Thaye
8%
Keine übereinstimmenden Quizze gefunden
Verteilung der Resultate
Anzahl Personen mit jedem Resultat
Perzentil nach korrekt beantworteten Fragen
Ihre Resultats-Entwicklung
Sie haben dieses Quiz noch nicht gespielt